Ricostruisci la Carriera del Calciatore - Franco Vázquez - Statistics

Statistiche generali
  • Questo quiz è stato fatto 3 volte
  • Il punteggio medio è 4 su 7
Statistiche sulle risposte
Hint Risposta % Corretto
2023- Cremonese
100%
2012-2013 Rayo Vallecano
100%
2007-2012 Belgrano
50%
2013-2016 Palermo
50%
2021-2023 Parma
50%
2016-2021 Siviglia
50%
2012 Palermo
0%
Nessun quiz corrispondente trovato
Distribuzione punteggi
Percentuale di utenti per punteggio
Percentile per numero di risposta
I tuoi punteggi nel tempo
Non hai fatto questo quiz